Normal view
MARC view
Entry Uniform Title
001 - CONTROL NUMBER
- control field: 24906
003 - CONTROL NUMBER IDENTIFIER
- control field: dpl
005 - DATE AND TIME OF LATEST TRANSACTION
- control field: 20101216163218.0
008 - FIXED-LENGTH DATA ELEMENTS
- fixed length control field: 101216|||a|||||| | ||| d
040 ## - CATALOGING SOURCE
- Original cataloging agency: dpl
- Transcribing agency: dpl
130 ## - HEADING--UNIFORM TITLE
- Uniform title: राष्ट्रभारती / लोकोदय ग्रन्थमाला : ग्रन्थांक 627/ रवीन्द्र कालिया द्वारा सम्पादित
670 ## - SOURCE DATA FOUND
- Source citation: Work cat.: (dpl): जाफ़री, अली सरदार 24905, मेरा सफ़र / , 2008
670 ## - SOURCE DATA FOUND
- Source citation: Work cat.: (dpl): जाफ़री, अली सरदार 24905, मेरा सफ़र / , 2008
